000 00949nam a22002537a 4500
005 20180207102105.0
010 _a1718EN-30 ENG-121975
020 _a9789332575417
_c1099.00
035 _aEN-105507
035 _aB-684137-143
037 _bBSB
_adpl
037 _bDBAD/PUB
082 _a579
100 _aTortora, Gerard J.
245 _aMicrobiology :
_cby Gerard J. Tortora, Berdell R. Funke [and] Christine L. Case
_ban introduction /
250 _a11th ed
260 _c2016
_aNoida
_bPearson India
270 _a15th Floor,, Tower-B, World Trade, Plot No.1, Block-C, Sector-16,
_bNoida
_e201301
300 _c25cm(pbk)
_a974p. :
_bill.(col.pic)
700 _aFunke, Berdell R.
700 _aCase, Christine L.
942 _cEN
_2ddc
_mTOR
_h579
999 _c144350
_d144350